000 00233nam a22000977a 4500
999 _c11222
_d11222
008 181023b ||||| |||| 00| 0 eng d
020 _a9788182963696
100 _aKalpana
_95083
245 _aVayakra-10
260 _aNew Delhi
_bArya
_c2011